000
00315nam a22001337a 4500
008
170425b xxu||||| |||| 00| 0 eng d
020
_a
0306305690
041
_a
eng
080
_a
54
100
_a
12
101
_a
SHM
245
_a
PHYSICAL CHEMISTRY OF ORGANIC SOLVENT SYSTEMS
_c
COVINGTON, A.K
942
_2
udc
_c
BK
999
_c
11895
_d
11895